| 000 | 00604nam a2200181 i 4500 | ||
|---|---|---|---|
| 001 | 76837 | ||
| 003 | ES-MaACL | ||
| 005 | 20250508062957.0 | ||
| 007 | t| | ||
| 008 | 041005s1915 sp ||||1| spa d | ||
| 100 | 0 |
_aGuillermo II, _cEmperador de Alemania _960805 |
|
| 245 | 1 | 3 |
_aEl señor de las batallas _b: selección de dichos del Kaiser Guillermo II extraída de sus discursos, cartas y telegramas. |
| 260 |
_aMadrid : _b[s.n.], _c1915 ( _fImprenta Clásica Española) |
||
| 300 |
_a110 p. ; _c18 cm. |
||
| 852 |
_aES-MaACL _jB-2836 |
||
| 852 |
_aES-MaACL _jD-325 |
||
| 999 |
_c76837 _d76837 |
||